|
|
|
|
| LEADER |
00000nab a2200000Ia 4500 |
| 001 |
vtls010743366 |
| 003 |
SK-MaSNL |
| 005 |
20260304203214.0 |
| 008 |
250718|2012 xo |||||||||||||||||slo| |
| 035 |
|
|
|a (urnnbn)urn:nbn:sk:snk:ar-a030vt
|
| 035 |
|
|
|a (uuid)b6122ad7-62bc-4738-9014-24a0d7476720
|
| 035 |
|
|
|a urn:nbn:sk:snk-ab4psm
|
| 040 |
|
|
|a SNKBUCL
|b slo
|c SNKBUCL
|e AACR2
|
| 041 |
0 |
|
|a slo
|
| 044 |
|
|
|a xo
|c SK
|
| 080 |
|
|
|a (234.372.4)
|2 2001
|
| 080 |
|
|
|a 502.2:625.711.6
|2 2001
|
| 100 |
1 |
|
|a Cibula, Ľuboš
|4 aut
|9 598718
|
| 245 |
1 |
0 |
|a Náučný chodník Stratenský kaňon
|c Ľuboš Cibula
|
| 650 |
0 |
7 |
|a náučné chodníky
|2 SNKPH
|9 4212
|
| 651 |
|
7 |
|a Slovenský raj (Slovensko : pohorie)
|2 SNKPH
|9 65478
|
| 651 |
|
7 |
|a Stratenský kaňon (Slovensko)
|2 SNK
|9 52690
|
| 773 |
0 |
|
|t Krásy Slovenska : príroda, ľudia, turistika, pamiatky, tradície, jaskyne
|g Roč. 89, č. 1-2 (2012), s. 32-33
|
| 850 |
|
|
|a Slovenská národná knižnica
|
| 852 |
|
|
|a Slovenská národná knižnica
|
| 954 |
|
|
|a odborná, vedecká literatúra pôvodná (slovenská)
|2 lita
|
| 958 |
|
|
|a article3
|
| 999 |
|
|
|c 3108331
|d 3110261
|